|
|
|
|
| LEADER |
02509nam a2200373 a 4500 |
| 001 |
1581481 |
| 008 |
100407r20061994at a b 001 0 eng d |
| 999 |
|
|
|c 7992
|d 7992
|
| 010 |
|
|
|a \\\93050694
|
| 020 |
|
|
|a 8120309863
|
| 020 |
|
|
|a 0130791539 :
|c $54.95
|
| 040 |
|
|
|a DLC
|c DLC
|d DLC
|d BD-DhAAL
|
| 082 |
0 |
0 |
|a 621.39/5
|2 20
|
| 100 |
1 |
|
|a Pucknell, Douglas A.,
|d 1927-
|9 45003
|
| 245 |
1 |
0 |
|a Basic VLSI design /
|c Doug A. Pucknell and Kamran Eshraghian.
|
| 250 |
|
|
|a Third edition
|
| 260 |
|
|
|a Sydney ;
|a New York :
|b Prentice Hall,
|c 1994 [reprinted 2000, 2006].
|
| 300 |
|
|
|a xx, 475 p. :
|a xx, 495 pages :
|b illustrations (some col.) ;
|c 24 cm.
|
| 490 |
0 |
|
|a Silcon systems engineering series
|
| 504 |
|
|
|a Includes bibliographical references (p. 489-490) and index.
|
| 541 |
1 |
|
|e 00015429
|
| 650 |
|
0 |
|a Integrated circuits
|x Very large scale integration
|x Design and construction.
|9 45004
|
| 650 |
|
0 |
|a Metal oxide semiconductors
|x Design and construction.
|9 45005
|
| 700 |
1 |
|
|a Eshraghian, Kamran.
|9 45006
|
| 852 |
4 |
|
|a Ayesha Abed Library
|j General Shelf
|
| 942 |
0 |
0 |
|0 3
|2 ddc
|c BK
|
| 952 |
|
|
|0 0
|1 0
|2 ddc
|4 0
|6 621_395000000000000_PUC_2006
|7 0
|9 9041
|a BRACUL
|b BRACUL
|c GEN
|d 2010-04-07
|l 17
|m 185
|o 621.395 PUC
|p 3010015429
|r 2026-05-16
|s 2026-02-03
|t 1
|w 2010-04-07
|y BK
|
| 952 |
|
|
|0 0
|1 0
|2 ddc
|4 0
|6 621_395000000000000_PUC
|7 0
|9 10492
|a BRACUL
|b BRACUL
|c GEN
|d 2010-05-25
|g 300.00
|l 8
|m 109
|o 621.395 PUC
|p 3010012372
|r 2020-01-27
|s 2019-09-17
|t 8
|w 2010-05-25
|y BK
|
| 952 |
|
|
|0 0
|1 0
|2 ddc
|4 0
|6 621_395000000000000_PUC_2006
|7 0
|9 10724
|a BRACUL
|b BRACUL
|c GEN
|d 2010-06-08
|l 22
|m 134
|o 621.395 PUC
|p 3010015432
|r 2025-07-28
|s 2025-07-20
|t 2
|w 2010-06-08
|y BK
|
| 952 |
|
|
|0 0
|1 4
|2 ddc
|4 0
|6 621_395000000000000_PUC
|7 0
|9 11941
|a BRACUL
|b BRACUL
|c GEN
|d 2010-09-21
|l 18
|m 165
|o 621.395 PUC
|p 3010018036
|r 2018-07-17
|s 2018-01-22
|t 3
|w 2010-09-21
|y BK
|x Koha Inventory 2020
|
| 952 |
|
|
|0 0
|1 0
|2 ddc
|4 0
|6 621_395000000000000_PUC_2006
|7 0
|9 13006
|a BRACUL
|b BRACUL
|c GEN
|d 2010-11-02
|l 21
|m 231
|o 621.395 PUC
|p 3010015430
|r 2026-05-10
|s 2025-09-23
|t 4
|w 2010-11-02
|y BK
|
| 952 |
|
|
|0 0
|1 0
|2 ddc
|4 0
|6 621_395000000000000_PUC_2008
|7 0
|9 13007
|a BRACUL
|b BRACUL
|c GEN
|d 2010-11-02
|l 32
|m 321
|o 621.395 PUC
|p 3010018035
|r 2025-12-06
|s 2025-11-05
|t 5
|w 2010-11-02
|y BK
|
| 952 |
|
|
|0 0
|1 0
|2 ddc
|4 0
|6 621_395000000000000_PUC_2006
|7 0
|9 13009
|a BRACUL
|b BRACUL
|c GEN
|d 2010-11-02
|l 22
|m 209
|o 621.395 PUC
|p 3010015433
|r 2026-05-14
|s 2026-02-03
|t 6
|w 2010-11-02
|y BK
|
| 952 |
|
|
|0 0
|1 0
|2 ddc
|4 0
|6 621_395000000000000_PUC_2006
|7 0
|9 13010
|a BRACUL
|b BRACUL
|c GEN
|d 2010-11-02
|l 20
|m 214
|o 621.395 PUC
|p 3010015431
|r 2025-03-12
|s 2025-02-17
|t 7
|w 2010-11-02
|y BK
|